00790nam a2200241Ia 450000500170000000800410001702000190005808200180007710000220009524500390011725000390015630000430019549000260023850000380026465000250030265000260032765000230035326400490037633600270042533700330045233800280048504000350051320220317001207.0160825s2006 mx a g 000 0 spa  a9789681669401204a539.753bB84r1 aBulbulian, Silvia13aLa radiactividadcSilvia Bulbulian a3a. edición b2a. reimpresión  a124 páginas bilustraciones c21 cm  aLa ciencia para todos aIncluye glosario y bibliografía142LEMBaRadiactividad 142LEMBaFisica nuclear 142LEMBaRadiación  aMéxicobFondo de Cultura Económicac2006 atextobtxt2rdacontent asin mediaciónbn2rdamedia avolumenbnc2rdacarrier aCO-BoRNBPbspaerdacCO-BoRNBP